| 000 | 00000nam 2200000zi 4500 |
| 001 | 9.946175 |
| 003 | CaOODSP |
| 005 | 20250106091309 |
| 006 | m o d f |
| 007 | cr mn||||||||| |
| 008 | 241213e198008##onc ob f000 0 fre d |
| 040 | |aCaOODSP|bfre|erda|cCaOODSP |
| 043 | |an-cn--- |
| 045 | |ax7x7 |
| 086 | 1 |aId35-7/1980F-PDF |
| 245 | 03|aLe fromage de spécialité au Canada : |bproduction et importations / |crapport rédigé par la Direction de l'agriculture, des pêcheries et des produits alimentaires, Ministère de l'industrie et du commerce. |
| 250 | |a[Édition 1980]. |
| 264 | 1|aOttawa, Canada : |bGouvernement du Canada, Industrie et commerce = Government of Canada, Industry, Trade and Commerce, |caoût 1980. |
| 300 | |a1 ressource en ligne (68 pages) |
| 336 | |atexte|btxt|2rdacontent/fre |
| 337 | |ainformatique|bc|2rdamedia/fre |
| 338 | |aressource en ligne|bcr|2rdacarrier/fre |
| 500 | |aPublié aussi en anglais sous le titre : Variety cheese in Canada: production and imports. |
| 500 | |a« Octobre 1976, révisé en août 1980. » |
| 500 | |aÉdition numérisée de l'imprimé [par Innovation, sciences et développement économique Canada]. |
| 504 | |aComprend des références bibliographiques. |
| 650 | 6|aFromage|xIndustrie|zCanada. |
| 650 | 6|aFromage|xVariétés|zCanada. |
| 710 | 1 |aCanada. |bMinistère de l'industrie et du commerce. |bDirection de l'agriculture, des pêcheries et des produits alimentaires, |eorganisme de publication. |
| 775 | 08|tVariety cheese in Canada : |w(CaOODSP)9.933101 |
| 795 | |tLe fromage de spécialité au Canada : |b(1976)|w(CaOODSP)9.946147 |
| 856 | 40|qPDF|s968 Ko|uhttps://publications.gc.ca/collections/collection_2024/isde-ised/Id35-7-1980-fra.pdf |